| 000 | 00946 a2200253 4500 | ||
|---|---|---|---|
| 005 | 2008092508118.0 | ||
| 008 | 080925t xxu||||| |||| 00| 0 eng d | ||
| 010 | _aENG-91737 | ||
| 020 |
_a8125923446 _c265.00 |
||
| 020 |
_a9788125923442 _c265.00 |
||
| 035 | _aEN-75270 | ||
| 037 | _bDBAD / PUB | ||
| 040 |
_adpl _bEnglish |
||
| 082 | _a005.3 | ||
| 100 | _aSaxena, Sanjay | ||
| 245 |
_aMS Office XP for everyone: _cby Sanjay Saxena _bin colour toolbars at a glance / |
||
| 260 |
_aNew Delhi _bVikas Publishing House _c2007 |
||
| 270 |
_a576, Masjid Road, Jangpura, _bNew Delhi _e110014 |
||
| 300 |
_axii, 387p. _c24cm (pbk ) |
||
| 650 | _aMicrosoft Office. | ||
| 650 | _aOperating systems (Computers) | ||
| 942 |
_adpl _cEN _2ddc _mSAX _h005.3 |
||
| 999 |
_c18961 _d18961 |
||